00271nam a2200109Ia 4500008004100000020001800041041000800059082001700067100001500084245001500099260004700114230717s9999 xx 000 0 und d a1-874241-70-8 aeng a346.015bCUR aCurzon L.B aFamily Law aLondonbCavendish Publishing Limitedc1995